| 000 | 01092nam a22002417a 4500 | ||
|---|---|---|---|
| 001 | 9805 | ||
| 003 | FISKH | ||
| 005 | 20260310091439.0 | ||
| 008 | 260226b cb ||||| |||| 00| 0 eng d | ||
| 020 | _a9780478273250 | ||
| 040 |
_aFISKH _beng _cFISKH _dFISKH |
||
| 082 | _a974.71 | ||
| 100 | _aLang , Rob | ||
| 245 |
_aThe statue of liberty / _cBy Rob Lang |
||
| 260 |
_aWellington : _bLearning Media , _c2002. |
||
| 300 |
_a8 pages : _bcolor illustrations ; _c19 cm . |
||
| 505 | _aN | ||
| 520 | _aThe Statue of Liberty is a children’s nonfiction book about the famous statue located in New York Harbor. The book explains why the Statue of Liberty was built, what it represents, and why it is an important symbol of freedom in the United States. It also describes how the statue was a gift from France and how it welcomed immigrants arriving in America. The book uses simple language and clear facts to help young readers understand history and national symbols. | ||
| 521 | 8 |
_a550
_bLexile estimate |
|
| 521 | 8 |
_aN
_bRaz-Plus |
|
| 942 |
_2ddc _cBK _n0 |
||
| 999 |
_c9805 _d9805 |
||